[Event "Wch Blitz"]
[Site "Almaty"]
[Date "2022.12.30"]
[Round "17"]
[White "Bilguun, Sumiya"]
[Black "Christiansen, Johan Sebastian"]
[Result "1-0"]
[WhiteElo "2365"]
[BlackElo "2501"]
[PlyCount "58"]
[EventDate "2022.12.29"]
[EventType "swiss (blitz)"]
[EventRounds "21"]
[EventCountry "KAZ"]
[SourceTitle "CBM 212"]
[Source "ChessBase"]
[SourceDate "2023.02.28"]
[SourceVersion "1"]
[SourceVersionDate "2023.02.28"]
[SourceQuality "1"]

1. e4 e5 2. Nf3 Nc6 3. Bc4 Nf6 4. d3 h6 5. c3 d6 6. Bb3 g6 7. Na3 Bg7 8. Nc2 0-0 9. Ne3 Be6 10. 0-0 d5 11. Qc2 Re8 12. Ba4 d4 13. Bxc6 bxc6 14. cxd4 exd4 15. Nc4 c5 16. b3 Nd7 17. Bf4 Rc8 18. Rac1 Qf6 19. Qd2 Bg4 20. Ne1 Kh7 21. Bg3 h5 22. h3 Be6 23. f4 Bh6 24. Nf3 Bxc4 25. Rxc4 Kg8 26. Bh2 Nf8 27. Rxc5 Ne6 28. Rc6 Rb8 29. Ng5 Rb6 1-0

[Event "Wch Blitz"]
[Site "Almaty"]
[Date "2022.12.30"]
[Round "14"]
[White "Bilguun, Sumiya"]
[Black "Gareyev, Timur"]
[Result "0-1"]
[WhiteElo "2365"]
[BlackElo "2553"]
[PlyCount "94"]
[EventDate "2022.12.29"]
[EventType "swiss (blitz)"]
[EventRounds "21"]
[EventCountry "KAZ"]
[SourceTitle "CBM 212"]
[Source "ChessBase"]
[SourceDate "2023.02.28"]
[SourceVersion "1"]
[SourceVersionDate "2023.02.28"]
[SourceQuality "1"]

1. e4 c6 2. Nc3 d5 3. Nf3 a6 4. d4 Bg4 5. Be2 e6 6. 0-0 Nf6 7. e5 Nfd7 8. Nb1 c5 9. c3 Nc6 10. Nbd2 cxd4 11. cxd4 Qb6 12. Nb3 Be7 13. Be3 a5 14. a4 Ndb8 15. Rc1 Na6 16. h3 Bf5 17. Bb5 Nc7 18. Bd3 Bxd3 19. Qxd3 Qb4 20. Ra1 0-0 21. Rfc1 Rfc8 22. Nc5 Bxc5 23. dxc5 h6 24. b3 Qe4 25. Qxe4 dxe4 26. Nd2 Nd5 27. Nxe4 Nxe3 28. fxe3 Nxe5 29. Nd6 Rc7 30. Rc3 Rd8 31. Rac1 Rdd7 32. Kf2 Rc6 33. Ke2 b6 34. cxb6 Rcxd6 35. Rc5 f6 36. Rb5 Rb7 37. Rc8+ Kh7 38. Rxa5 Rdxb6 39. Rb5 Rxb5 40. axb5 Rxb5 41. Rc3 h5 42. e4 h4 43. Ke3 Kg6 44. Kd4 Kg5 45. Ke3 Rb4 46. Rc7 Rxb3+ 47. Ke2 g6 0-1

[Event "Wch Blitz"]
[Site "Almaty"]
[Date "2022.12.30"]
[Round "19"]
[White "Bilguun, Sumiya"]
[Black "Narayanan, Sunilduth Lyna"]
[Result "1/2-1/2"]
[WhiteElo "2365"]
[BlackElo "2562"]
[PlyCount "137"]
[EventDate "2022.12.29"]
[EventType "swiss (blitz)"]
[EventRounds "21"]
[EventCountry "KAZ"]
[SourceTitle "CBM 212"]
[Source "ChessBase"]
[SourceDate "2023.02.28"]
[SourceVersion "1"]
[SourceVersionDate "2023.02.28"]
[SourceQuality "1"]

1. e4 e5 2. Nf3 Nc6 3. Bc4 Bc5 4. 0-0 Nf6 5. d3 d6 6. a4 a5 7. c3 h6 8. Re1 0-0 9. Nbd2 Ba7 10. Nf1 Be6 11. Ng3 Ne7 12. Nh4 Qd7 13. Be3 Bxe3 14. Rxe3 Kh7 15. h3 Bxc4 16. dxc4 Qe6 17. b3 g6 18. Nf3 b6 19. Qe2 Nd7 20. Rd1 Nc5 21. h4 Nxb3 22. h5 Nc5 23. Ra1 Ng8 24. Nd2 Nf6 25. hxg6+ fxg6 26. Ngf1 Ng4 27. Rf3 Rxf3 28. Nxf3 Nf6 29. N3d2 Rf8 30. g3 Qh3 31. Qf3 Kg7 32. Qe2 h5 33. f3 Nh7 34. Qg2 Qd7 35. Ne3 Nxa4 36. Nd5 Nc5 37. f4 Nf6 38. Rf1 Nxd5 39. cxd5 exf4 40. gxf4 Qg4 41. Qxg4 hxg4 42. Kg2 Re8 43. Re1 Nd3 44. Rf1 a4 45. Kg3 Nc5 46. Re1 a3 47. Kxg4 a2 48. Ra1 Nxe4 49. Nxe4 Rxe4 50. Rxa2 Kf6 51. Ra8 g5 52. Rf8+ Ke7 53. Rf5 Rxf4+ 54. Rxf4 gxf4 55. Kxf4 b5 56. Ke3 Kf7 57. Kf3 Ke7 58. Ke3 Kd7 59. Kd3 Kc8 60. Kc2 Kb7 61. Kb3 Ka7 62. Ka3 Ka6 63. Kb3 Ka5 64. Ka3 Ka6 65. Kb3 Kb6 66. Kb4 c5+ 67. dxc6 Kxc6 68. c4 bxc4 69. Kxc4 1/2-1/2

[Event "Wch Blitz"]
[Site "Almaty"]
[Date "2022.12.30"]
[Round "13"]
[White "Hansen, Eric"]
[Black "Bilguun, Sumiya"]
[Result "1-0"]
[WhiteElo "2568"]
[BlackElo "2365"]
[PlyCount "57"]
[EventDate "2022.12.29"]
[EventType "swiss (blitz)"]
[EventRounds "21"]
[EventCountry "KAZ"]
[SourceTitle "CBM 212"]
[Source "ChessBase"]
[SourceDate "2023.02.28"]
[SourceVersion "1"]
[SourceVersionDate "2023.02.28"]
[SourceQuality "1"]

1. e4 c5 2. Nf3 d6 3. c3 Nf6 4. Be2 g6 5. 0-0 Bg7 6. Re1 0-0 7. Bf1 e5 8. h3 Nc6 9. d3 d5 10. Nbd2 Re8 11. exd5 Nxd5 12. Ne4 b6 13. Bg5 f6 14. Bh4 g5 15. Bg3 Bf5 16. Qa4 Rc8 17. d4 Bxe4 18. Rxe4 f5 19. Ree1 f4 20. Bh2 e4 21. Bb5 Qd6 22. Nxg5 e3 23. fxe3 Nxe3 24. Rxe3 Bxd4 25. cxd4 Rxe3 26. Qc4+ Kg7 27. Qf7+ Kh6 28. Bxf4 Qxd4 29. Qxh7# 1-0